| 000 | 00000nam 2200000zi 4500 |
| 001 | 9.945536 |
| 003 | CaOODSP |
| 005 | 20250324131001 |
| 006 | m o d f |
| 007 | cr mn||||||||| |
| 008 | 241125e198503##onca obs f000 0 fre d |
| 040 | |aCaOODSP|bfre|erda|cCaOODSP |
| 043 | |an-cn--- |
| 045 | |ax7x8 |
| 086 | 1 |aCo22-713/1983F-PDF |
| 245 | 00|aAperçu de l'industrie de la télédistribution : |btableaux et diagrammes 1983. |
| 264 | 1|a[Ottawa] : |bMinistère des communications, Division de la politique de la radiodiffusion, Direction de la politique de la radiodiffusion et des services connexes, |cmars 1985. |
| 300 | |a1 ressource en ligne (29 pages) : |billustrations |
| 336 | |atexte|btxt|2rdacontent/fre |
| 337 | |ainformatique|bc|2rdamedia/fre |
| 338 | |aressource en ligne|bcr|2rdacarrier/fre |
| 500 | |aPublié aussi en anglais sous le titre : Cable television industry overview: charts & graphs 1983. |
| 500 | |aÉdition numérisée de l'imprimé [par Innovation, sciences et développement économique Canada]. |
| 504 | |aComprend des références bibliographiques. |
| 650 | 6|aTélédistribution|zCanada|vStatistiques. |
| 650 | 6|aTélévision|zCanada|vStatistiques. |
| 655 | 7|aStatistiques|2rvmgf |
| 710 | 1 |aCanada. |bMinistère des communications, |eorganisme de publication. |
| 775 | 08|tCable television industry overview : |w(CaOODSP)9.939037 |
| 856 | 40|qPDF|s885 Ko|uhttps://publications.gc.ca/collections/collection_2024/isde-ised/co22/Co22-713-1983-fra.pdf |